01351nam a2200277 a 4500001001000000003000900010005001700019007001000036008004100046040002200087041001300109245021900122246006300341260004100404300002000445930004000465930004600505942001200551952010500563952010400668952010500772952010400877956003900981956003801020999001501058000044153DO-SdBNP20150213141545.0000044153140602s2004 dr a 000 0 spa d aBPMETbspacBPMET17aspaheng00aInterculturalidad iguales en dignidad construyamos la comunidad =bEntékiltiralite egal nan diyite, nap konstwi kominote ya ; cuaderno de actividades para niños y niñas = keye aktivite pou tifi ak ti gason /.13aEntékiltiralite egal nan diyite, nap konstwi kominote ya aSanto Domingo :bCentro Bonó,c19. a35 p. ;c27 cm. 1lBND01mLF1820140602f01pCTg45017 1lBND01mLF1820140602f01pCTg45017he. 2 2ddccBK 00102ddc40708DOMaBPMETbBPMETd2015-02-13l0pBPMET15041199r2015-02-13t1 ej. w2015-02-13yBK 00102ddc40708DOMaBPMETbBPMETd2015-02-13l0pBPMET15041200r2015-02-13t2 ej.w2015-02-13yBK 00102ddc40708DOMaBPMETbBPMETd2015-02-13l0pBPMET15041201r2015-02-13t3 ej. w2015-02-13yBK 00102ddc40708DOMaBPMETbBPMETd2015-02-13l0pBPMET15041202r2015-02-13t4 ej.w2015-02-13yBK aDGARCIAb10c20140602lBND01h1113 aVMATEOb10c20140602lBND01h1314 c7391d7391